Catálogo
 En Linea

Cuentos completos / (Registro nro. 11506)

Detalles MARC
000 -CABECERA
campo de control de longitud fija 01601nam a2200337 i 4500
001 - NÚMERO DE CONTROL
campo de control 000011832
003 - IDENTIFICADOR DEL NÚMERO DE CONTROL
campo de control DO-SdBNP
005 - FECHA Y HORA DE LA ÚLTIMA TRANSACCIÓN
campo de control 20260413091501.0
007 - CAMPO FIJO DE DESCRIPCIÓN FÍSICA--INFORMACIÓN GENERAL
campo de control de longitud fija ta
008 - DATOS DE LONGITUD FIJA--INFORMACIÓN GENERAL
campo de control de longitud fija 091028s2000 dr 000 0 spa d
020 ## - NÚMERO INTERNACIONAL ESTÁNDAR DEL LIBRO
Número Internacional Estándar del Libro 9993431036
040 ## - FUENTE DE LA CATALOGACIÓN
Centro catalogador/agencia de origen DO-SdBNP
Lengua de catalogación spa
Centro/agencia transcriptor BNPHU
Normas de descripción rda
041 ## - CÓDIGO DE LENGUA
Código de lengua del texto/banda sonora o título independiente spa
082 #4 - NÚMERO DE LA CLASIFICACIÓN DECIMAL DEWEY
Número de clasificación RD863.44
Número de documento/Ítem C292c
Número de edición 22
100 1# - ENTRADA PRINCIPAL--NOMBRE DE PERSONA
Nombre de persona Caro, Néstor,
Fechas asociadas al nombre 1917-
9 (RLIN) 27997
Código de función/relación aut.
Término indicativo de función/relación autor
245 10 - MENCIÓN DE TÍTULO
Título Cuentos completos /
Mención de responsabilidad, etc. Néstor Caro.
260 #4 - PUBLICACIÓN, DISTRIBUCIÓN, ETC.
Lugar de publicación, distribución, etc. Santo Domingo, República Dominicana :
Nombre del editor, distribuidor, etc. Biblioteca Nacional,
Fecha de publicación, distribución, etc. ©2000.
300 ## - DESCRIPCIÓN FÍSICA
Extensión 121 páginas ;
Dimensiones 23 cm.
336 ## - TIPO DE CONTENIDO
Término de tipo de contenido texto
Código de tipo de contenido txt
Fuente rdacontent
337 ## - TIPO DE MEDIO
Nombre/término del tipo de medio sin mediación
Código del tipo de medio n
Fuente rdamedia
338 ## - TIPO DE SOPORTE
Nombre/término del tipo de soporte volumen
Código del tipo de soporte nc
Fuente rdacarrier
490 1# - MENCIÓN DE SERIE
Mención de serie Biblioteca Nacional de la República Dominicana
Designación de volumen o secuencia v. 2
490 1# - MENCIÓN DE SERIE
Mención de serie Narrativa
Designación de volumen o secuencia v. 1
505 0# - NOTA DE CONTENIDO CON FORMATO
Información miscelánea Cielo Negro: cuentos (1950) --
Título Cielo negro ;
-- Nuestro pan ;
-- Wilí ;
-- El funcionario ;
-- El hombre del saco ;
-- El hombre de la calle ;
-- El hombrecito ;
-- Los amos buenos ;
-- Chano ;
-- La dueña del llano ;
-- Mis amores ;
-- Sur ;
-- Los cuentos de Néstor Caro ;
Información miscelánea Sándalo : cuentos (1975) --
Título Había una vez un hombre llamado Sándalo ;
-- La casa llanera ;
-- Guanuma ;
-- Celosía ;
-- El tipo aquél ;
-- El señor Bonnier ;
-- Una mujer ;
-- Dios --
Información miscelánea Apéndice : Los cuentos de Néstor Caro. Por Enrique García Ruiz.
590 ## - NOTA LOCAL (RLIN)
Nota local Inventariado 2026/MFF
650 #7 - PUNTO DE ACCESO ADICIONAL DE MATERIA--TÉRMINO DE MATERIA
Término de materia o nombre geográfico como elemento de entrada Cuentos dominicanos
9 (RLIN) 176
Fuente del encabezamiento o término LEMB
650 #7 - PUNTO DE ACCESO ADICIONAL DE MATERIA--TÉRMINO DE MATERIA
Término de materia o nombre geográfico como elemento de entrada Literatura dominicana.
9 (RLIN) 67
Fuente del encabezamiento o término LEMB
830 #0 - PUNTO DE ACCESO ADICIONAL DE SERIE-TÍTULO UNIFORME
Título uniforme Biblioteca Nacional de la República Dominicana
Número de parte o sección de la obra v. 2
Nombre de parte o sección de la obra Narrativa
Designación de volumen o secuencia v. 1
9 (RLIN) 89313
910 ## - DATOS DE OPCIÓN DEL USUARIO (OCLC)
Datos de opción del usuario Validado. Control de calidad MFF
942 ## - ELEMENTOS DE PUNTO DE ACCESO ADICIONAL (KOHA)
Fuente del sistema de clasificación o colocación Dewey Decimal Classification
Tipo de ítem Koha Libro
Existencias
Estado de retiro Estado de pérdida Fuente del sistema de clasificación o colocación Restricciones de uso No para préstamo Código de colección Localización permanente Ubicación/localización actual Ubicación en estantería Fecha de adquisición Total de préstamos Signatura topográfica completa Código de barras Fecha visto por última vez Número de copia Precio válido a partir de Tipo de ítem Koha
    Dewey Decimal Classification Préstamo en sala   Dominicana de Servicio Biblioteca Nacional Pedro Henríquez Ureña Biblioteca Nacional Pedro Henríquez Ureña Depósito 15.04.2013   BNPHU DS RD863.44 C292c 11832-30 25.06.2020 e. 3 25.06.2020 Libro
    Dewey Decimal Classification Préstamo en sala   Dominicana de Servicio Biblioteca Nacional Pedro Henríquez Ureña Biblioteca Nacional Pedro Henríquez Ureña Depósito 15.04.2013   BNPHU DS RD863.44 C292c 11832-40 25.06.2020 e. 4 25.06.2020 Libro
    Dewey Decimal Classification Préstamo en sala   Dominicana de Servicio Biblioteca Nacional Pedro Henríquez Ureña Biblioteca Nacional Pedro Henríquez Ureña Depósito 25.04.2013   BNPHU DS RD863.44 C292c 11832-50 25.06.2020 e. 5 25.06.2020 Libro
    Dewey Decimal Classification Excluido de préstamo   Patrimonio Dominicano Biblioteca Nacional Pedro Henríquez Ureña Biblioteca Nacional Pedro Henríquez Ureña Depósito 28.10.2009   BNPHU PD RD863.44 C292c 11832-10 25.06.2020   25.06.2020 Libro
    Dewey Decimal Classification Excluido de préstamo   Patrimonio Dominicano Biblioteca Nacional Pedro Henríquez Ureña Biblioteca Nacional Pedro Henríquez Ureña Depósito 11.04.2013   BNPHU PD RD863.44 C292c 11832-20 25.06.2020 e. 2 25.06.2020 Libro

Con tecnología Koha